| 000 -LEADER |
| fixed length control field |
01742cam a2200217 i 4500 |
| 003 - CONTROL NUMBER IDENTIFIER |
| control field |
OSt |
| 005 - DATE AND TIME OF LATEST TRANSACTION |
| control field |
20260305163041.0 |
| 008 - FIXED-LENGTH DATA ELEMENTS--GENERAL INFORMATION |
| fixed length control field |
221230t20242024nyua b 001 0 eng |
| 020 ## - INTERNATIONAL STANDARD BOOK NUMBER |
| International Standard Book Number |
9780367647940 |
| Qualifying information |
(paperback) |
| 042 ## - AUTHENTICATION CODE |
| Authentication code |
pcc |
| 082 00 - DEWEY DECIMAL CLASSIFICATION NUMBER |
| Classification number |
729 |
| Edition number |
23/eng/20230105 |
| 100 1# - MAIN ENTRY--PERSONAL NAME |
| Personal name |
Shields, Jennifer A. E., |
| Relator term |
author. |
| 245 10 - TITLE STATEMENT |
| Title |
Collage and architecture / |
| Statement of responsibility, etc |
Jennifer A.E. Shields. |
| 250 ## - EDITION STATEMENT |
| Edition statement |
Second edition. |
| 300 ## - PHYSICAL DESCRIPTION |
| Extent |
xiii, 269 pages : |
| Other physical details |
illustrations ; |
| Dimensions |
26 cm |
| 504 ## - BIBLIOGRAPHY, ETC. NOTE |
| Bibliography, etc |
Includes bibliographical references and index. |
| 520 ## - SUMMARY, ETC. |
| Summary, etc |
"Collage and Architecture remains an invaluable resource for students and practitioners as the first book to cover collage as a tool for analysis and design in architecture. Since entering the contemporary art world over a century ago, collage has profoundly influenced artists and architects throughout the twentieth century and into the twenty-first. In Collage and Architecture, Jennifer A.E. Shields explores its influence, using the artworks and built projects of leading artists and architects, such as Mies van der Rohe, Daniel Libeskind, and Teddy Cruz to illustrate the diversity of collage techniques. This new edition includes: A stronger focus on contemporary practices, including digital methods New designers and architects, including Marshall Brown, WAI Architecture Think Tank, and Tatiana Bilbao, bringing their methods and work to life An expanded global and diverse perspective of architecture as collage Collage is an important instrument for analysis and design. Through its 290 color images, this book shows how this versatile medium can be adapted and transformed in your own work"-- |
| 650 #0 - SUBJECT ADDED ENTRY--TOPICAL TERM |
| Topical term or geographic name as entry element |
Architectural design |
| General subdivision |
Methodology. |
| 650 #0 - SUBJECT ADDED ENTRY--TOPICAL TERM |
| Topical term or geographic name as entry element |
Collage. |
| 942 ## - ADDED ENTRY ELEMENTS (KOHA) |
| Source of classification or shelving scheme |
|